Deutsche Buchstabiertafel - Statistiken

Allgemein
  • Dieses Quiz wurde 1.142 mal gespielt
  • Das Durchschnittsergebnis liegt bei 19 aus 31
Antwortstatistiken
Buchstabe Name/Begriff % Korrekt
a Anton
94%
b Berta
94%
e Emil
89%
d Dora
83%
c Cäsar
81%
f Friedrich
80%
g Gustav
79%
i Ida
78%
n Nordpol
78%
h Heinrich
74%
o Otto
72%
r Richard
69%
l Ludwig
65%
m Martha
63%
t Theodor
61%
p Paula
60%
y Ypsilon
56%
k Kaufmann
55%
u Ulrich
55%
j Julius
52%
v Viktor
52%
w Wilhelm
51%
sch Schule
49%
q Quelle
48%
ä Ärger
43%
x Xanthippe
43%
s Samuel
42%
z Zacharias
42%
ch Charlotte
39%
ö Ökonom
39%
ü Übermut
39%
Keine übereinstimmenden Quizze gefunden
Verteilung der Resultate
Anzahl Personen mit jedem Resultat
Perzentil nach korrekt beantworteten Fragen
Ihre Resultats-Entwicklung
Sie haben dieses Quiz noch nicht gespielt